[Event "1st 4NCL International Open"]
[Site "Telford"]
[Date "2018.11.04"]
[Round "9"]
[White "Ther, Mate"]
[Black "Akeya-Price, Robert"]
[Result "1/2-1/2"]
[WhiteElo "1759"]
[BlackElo "1730"]
[Annotator "NA"]
[PlyCount "38"]
[EventDate "2018.10.31"]
[EventType "swiss"]
[EventCountry "GBR"]
[SourceTitle "playchess.com"]
[Source "ChessBase"]
[SourceQuality "1"]
[TimeControl "5400+30"]

1. e4 {[%emt 0:00:00]} c6 {[%emt 0:00:00]} 2. d4 {[%emt 0:00:00]} d5 {[%emt 0:00:00]} 3. exd5 {[%emt 0:00:00]} cxd5 {[%emt 0:00:00]} 4. Bd3 {[%emt 0:00:00]} Nc6 {[%emt 0:00:00]} 5. c3 {[%emt 0:00:00]} Qc7 {[%emt 0:00:04]} 6. Ne2 {[%emt 0:00:00]} Bg4 {[%emt 0:00:06]} 7. f3 {[%emt 0:00:26]} Bh5 {[%emt 0:00:09]} 8. Bf4 {[%emt 0:00:08]} Qd7 {[%emt 0:00:05]} 9. Nd2 {[%emt 0:00:35]} e6 {[%emt 0:00:17]} 10. Nb3 {[%emt 0:00:17]} Nf6 {[%emt 0:03:23]} 11. O-O {[%emt 0:01:01]} Bg6 {[%emt 0:00:54]} 12. Re1 {[%emt 0:02:30]} Bd6 {[%emt 0:01:54]} 13. Bg3 {[%emt 0:01:23]} O-O {[%emt 0:01:15]} 14. Nc5 {[%emt 0:04:02]} Bxc5 {[%emt 0:00:12]} 15. dxc5 {[%emt 0:00:06]} e5 16. Bxg6 {[%emt 0:00:30]} hxg6 17. Nc1 {[%emt 0:00:30]} Rfe8 18. Nd3 {[%emt 0:00:30]} e4 19. Nf4 {[%emt 0:00:30]} g5 1/2-1/2